Jak prodat vycpaného žraloka za 12 milionů dolarů prapodivné zákony ekonomiky současného umění a aukčních domů
Saved in:
| Main Author: | |
|---|---|
| Other Authors: | |
| Format: | Book |
| Language: | Czech |
| Published: |
Praha
Kniha Zlín
2017
|
| Edition: | 1. vydání |
| Series: | Edice TEMA
svazek 3 |
| Subjects: | |
| Tags: |
No Tags, Be the first to tag this record!
|
MARC
| LEADER | 00000nam a2200000 4500 | ||
|---|---|---|---|
| 001 | 0247640 | ||
| 005 | 20240221112856.1 | ||
| 020 | |a 978-8087162-58-3 | ||
| 041 | 0 | |a cze | |
| 044 | |a CZ | ||
| 245 | 1 | 0 | |a Jak prodat vycpaného žraloka za 12 milionů dolarů |b prapodivné zákony ekonomiky současného umění a aukčních domů |c Don Thompson ; přeložila: Alice Hyrmanová McElveen |
| 250 | |a 1. vydání | ||
| 264 | 1 | |a Praha |b Kniha Zlín |c 2017 | |
| 300 | |a 361 s. | ||
| 490 | 1 | |a Edice TEMA |v svazek 3 | |
| 830 | 0 | |a Edice TEMA |v svazek 3 | |
| 610 | 2 | 0 | |a obchod s umením |
| 610 | 2 | 0 | |a trh |
| 610 | 2 | 0 | |a psychológia trhu |
| 610 | 2 | 0 | |a stratégia marketingová |
| 610 | 2 | 0 | |a zákony ekonomické |
| 610 | 2 | 0 | |a politika cenová |
| 610 | 2 | 0 | |a aukcie |
| 610 | 2 | 0 | |a veľtrhy |
| 610 | 2 | 0 | |a múzeá |
| 100 | 1 | |a Thompson, Don | |
| 700 | 1 | |a Hyrmanová McElveen, Alice | |